[Event "Africa-ch U18 Girls"]
[Site "Cairo"]
[Date "2017.12.04"]
[Round "2.4"]
[White "Du Plessis, Anika"]
[Black "Gardiner, Nina"]
[Result "1-0"]
[WhiteElo "1559"]
[BlackElo "1416"]
[PlyCount "120"]
[EventDate "2017.12.03"]
[EventType "tourn"]
[EventRounds "9"]
[EventCountry "EGY"]
[SourceTitle "EXT 2024"]
[Source "ChessBase"]
[SourceDate "2023.10.10"]
[SourceVersion "1"]
[SourceVersionDate "2023.10.10"]
[SourceQuality "1"]

1. e4 e5 2. Nc3 Nc6 3. f4 exf4 4. Nf3 Be7 5. Bc4 Bh4+ 6. Ke2 d6 7. d4 Bg4 8. Bxf4 Qf6 9. Nd5 Bxf3+ 10. Kxf3 Qxd4 11. Nxc7+ Kd7 12. Qxd4 Nxd4+ 13. Kg4 Kxc7 14. Kxh4 f6 15. Kg3 Re8 16. c3 Ne6 17. Rad1 Nxf4 18. Kxf4 g5+ 19. Kf3 Ne7 20. Rhf1 Rhf8 21. Rd2 Ng6 22. Bd5 Ne5+ 23. Kg3 h5 24. h3 h4+ 25. Kf2 Nd7 26. Kg1 Re5 27. Rdf2 Ree8 28. c4 b6 29. b4 Re5 30. a3 Re7 31. Rf5 Re5 32. R5f2 Re7 33. Rf5 Rb8 34. b5 Re5 35. R5f2 Rf8 36. Bc6 Re6 37. Bd5 Re7 38. Rf5 Re5 39. R5f3 Kd8 40. Bc6 Re6 41. Bd5 Re7 42. a4 Re5 43. R3f2 Re7 44. Bc6 Re6 45. Rf5 Nc5 46. Bd5 Re5 47. Rxf6 Rxf6 48. Rxf6 Nxe4 49. Rf8+ Ke7 50. Rf7+ Kd8 51. Rxa7 Nc5 52. a5 bxa5 53. Rxa5 Kc7 54. Ra7+ Kb6 55. Ra8 Kc7 56. Rg8 Na4 57. Rg7+ Kb6 58. Rb7+ Kc5 59. Rc7+ Kd4 60. Rc6 Nc3 1-0

[Event "Africa-ch U18 Girls"]
[Site "Cairo"]
[Date "2017.12.03"]
[Round "1.1"]
[White "Gardiner, Nina"]
[Black "Abdel Monaem, Khloud"]
[Result "1-0"]
[WhiteElo "1416"]
[BlackElo "1471"]
[PlyCount "47"]
[EventDate "2017.12.03"]
[EventType "tourn"]
[EventRounds "9"]
[EventCountry "EGY"]
[SourceTitle "EXT 2024"]
[Source "ChessBase"]
[SourceDate "2023.10.10"]
[SourceVersion "1"]
[SourceVersionDate "2023.10.10"]
[SourceQuality "1"]

1. e4 d5 2. exd5 Nf6 3. c4 e6 4. dxe6 Bxe6 5. Nc3 c5 6. Nf3 Nc6 7. Be2 g6 8. b3 Qd7 9. Bb2 Bg7 10. a3 0-0 11. Qc2 Bf5 12. d3 Rfd8 13. 0-0-0 Ng4 14. Rhf1 Nce5 15. Ne4 Nxf3 16. gxf3 Bh6+ 17. Kb1 Bxe4 18. dxe4 Qc7 19. fxg4 Rxd1+ 20. Rxd1 Qxh2 21. Qc3 f6 22. Qxf6 Qb8 23. Rd7 Bg7 24. Qxg7# 1-0

[Event "RSA-ch U18 Girls"]
[Site "Gauteng"]
[Date "2017.04.11"]
[Round "11"]
[White "Kekana, Letsatsi"]
[Black "Gardiner, Nina"]
[Result "0-1"]
[WhiteElo "1182"]
[BlackElo "1415"]
[PlyCount "74"]
[EventDate "2017.04.05"]
[EventType "swiss"]
[EventRounds "11"]
[EventCountry "RSA"]
[SourceTitle "CBM 177 Extra"]
[Source "ChessBase"]
[SourceDate "2017.04.27"]
[SourceVersion "1"]
[SourceVersionDate "2017.04.27"]
[SourceQuality "1"]

1. g3 e5 2. Bg2 Nf6 3. e4 Nc6 4. Nf3 Bc5 5. d3 d6 6. a3 a5 7. Bg5 h6 8. Bd2 Be6 9. c4 Qd7 10. Bc3 Bh3 11. Nh4 g5 12. Bxh3 Qxh3 13. Nf3 Qg2 14. Rf1 Ng4 15. Qe2 h5 16. Nbd2 Nd4 17. Bxd4 Bxd4 18. 0-0-0 Bc5 19. Nxg5 Nxh2 20. Rh1 Ng4 21. Nh3 Nxf2 22. Nxf2 Qxf2 23. Qxf2 Bxf2 24. g4 h4 25. Rdf1 Bg3 26. Rf3 Bf4 27. Rfh3 Bg5 28. Kc2 Ke7 29. Nf3 Rag8 30. d4 exd4 31. Nxd4 Rh7 32. Nf5+ Ke6 33. Kd3 Bf6 34. Nxh4 Rgh8 35. Ng6 Rxh3+ 36. Rxh3 Rxh3+ 37. Kc2 fxg6 0-1

[Event "RSA-ch U18 Girls"]
[Site "Gauteng"]
[Date "2017.04.10"]
[Round "9"]
[White "Du Plessis, Anika"]
[Black "Gardiner, Nina"]
[Result "1-0"]
[WhiteElo "1462"]
[BlackElo "1415"]
[PlyCount "79"]
[EventDate "2017.04.05"]
[EventType "swiss"]
[EventRounds "11"]
[EventCountry "RSA"]
[SourceTitle "CBM 177 Extra"]
[Source "ChessBase"]
[SourceDate "2017.04.27"]
[SourceVersion "1"]
[SourceVersionDate "2017.04.27"]
[SourceQuality "1"]

1. e4 e5 2. Nf3 Nc6 3. Bc4 Bc5 4. b4 Bxb4 5. c3 Ba5 6. d4 Qf6 7. 0-0 Bb6 8. dxe5 Nxe5 9. Nxe5 Qxe5 10. Qb3 Qf6 11. Nd2 d6 12. Nf3 h6 13. Ba3 Be6 14. Qa4+ Bd7 15. Qb3 0-0-0 16. Rad1 Ne7 17. e5 dxe5 18. Nxe5 Qxe5 19. Rde1 Qf5 20. Rxe7 Rhf8 21. Rxf7 Rxf7 22. Bxf7 Kb8 23. Be7 Rh8 24. Qd5 Qg4 25. Rd1 Bf5 26. h3 Qf4 27. Qd2 Qg3 28. Kh1 Bxf2 29. Rf1 Be3 30. Qe1 Qe5 31. Bh4 Qe4 32. Bg3 Bxh3 33. Rf3 a6 34. Qxe3 Qxe3 35. Rxe3 Bg4 36. Re8+ Rxe8 37. Bxe8 Kc8 38. Bg6 Be6 39. a3 Kd7 40. Be5 1-0

[Event "RSA-ch U18 Girls"]
[Site "Gauteng"]
[Date "2017.04.06"]
[Round "3"]
[White "Gardiner, Nina"]
[Black "Steyn, Alicia"]
[Result "0-1"]
[WhiteElo "1415"]
[BlackElo "1427"]
[PlyCount "102"]
[EventDate "2017.04.05"]
[EventType "swiss"]
[EventRounds "11"]
[EventCountry "RSA"]
[SourceTitle "CBM 177 Extra"]
[Source "ChessBase"]
[SourceDate "2017.04.27"]
[SourceVersion "1"]
[SourceVersionDate "2017.04.27"]
[SourceQuality "1"]

1. e4 c5 2. Nf3 Nc6 3. d4 cxd4 4. Nxd4 Nf6 5. Nc3 e5 6. Ndb5 d6 7. Bg5 a6 8. Na3 b5 9. Nd5 Qa5+ 10. Bd2 Qd8 11. Bd3 Be6 12. Ne3 Be7 13. 0-0 0-0 14. c3 Rc8 15. Nac2 d5 16. exd5 Nxd5 17. Nf5 Bc5 18. Qg4 g6 19. Bh6 Re8 20. Qf3 Nf4 21. Be4 Bxf5 22. Bxf5 gxf5 23. Bxf4 exf4 24. Qxf4 Qf6 25. Rfe1 Bd6 26. Qf3 Kh8 27. g3 Ne5 28. Qg2 Rg8 29. Ne3 f4 30. Nd5 Qf5 31. Nxf4 Qxf4 32. gxf4 Nf3+ 33. Kf1 Rxg2 34. Kxg2 Nxe1+ 35. Rxe1 Bxf4 36. Re7 Kg7 37. Ra7 Rc6 38. Kf3 Bxh2 39. Ke2 h5 40. f3 h4 41. Re7 Re6+ 42. Rxe6 fxe6 43. Kf2 Bg3+ 44. Kg2 e5 45. Kh3 Kf6 46. Kg2 Ke6 47. b3 Kd5 48. a3 a5 49. Kh3 Kc5 50. Kg4 a4 51. b4+ Kc4 0-1

[Event "Wch U16 Girls"]
[Site "Khanty-Mansiysk"]
[Date "2016.10.02"]
[Round "10"]
[White "Gardiner, Nina"]
[Black "Nazarova, Veronika"]
[Result "1/2-1/2"]
[WhiteElo "1530"]
[BlackElo "1303"]
[PlyCount "69"]
[EventDate "2016.09.22"]
[EventType "swiss"]
[EventRounds "11"]
[EventCountry "RUS"]
[SourceTitle "EXT 2017"]
[Source "ChessBase"]
[SourceDate "2016.10.25"]
[SourceVersion "1"]
[SourceVersionDate "2016.10.25"]
[SourceQuality "1"]

1. e4 c5 2. Nf3 d6 3. d4 cxd4 4. Nxd4 Nf6 5. Nc3 a6 6. f3 g6 7. Be3 Bg7 8. Qd2 Nc6 9. 0-0-0 0-0 10. h4 Ne5 11. Bh6 b5 12. Kb1 Qb6 13. Qg5 Re8 14. h5 b4 15. Nce2 Bd7 16. Nf4 a5 17. Bxg7 Kxg7 18. hxg6 fxg6 19. Qh6+ Kf7 20. Nd5 Nxd5 21. exd5 Rh8 22. Qg5 Qc5 23. f4 Ng4 24. Re1 Nf6 25. Ne6 Qxd5 26. Nc7 Qxg5 27. fxg5 Rac8 28. gxf6 Rxc7 29. Rxe7+ Kxf6 30. Rhxh7 Rxh7 31. Rxh7 Rb7 32. g3 Bc6 33. Rh4 Re7 34. Rf4+ Kg5 35. b3 1/2-1/2

[Event "Wch U16 Girls"]
[Site "Khanty-Mansiysk"]
[Date "2016.09.26"]
[Round "5"]
[White "Gardiner, Nina"]
[Black "Horn, Caro"]
[Result "1-0"]
[WhiteElo "1530"]
[BlackElo "1229"]
[PlyCount "53"]
[EventDate "2016.09.22"]
[EventType "swiss"]
[EventRounds "11"]
[EventCountry "RUS"]
[SourceTitle "EXT 2017"]
[Source "ChessBase"]
[SourceDate "2016.10.25"]
[SourceVersion "1"]
[SourceVersionDate "2016.10.25"]
[SourceQuality "1"]

1. e4 e6 2. d4 d5 3. e5 c5 4. c3 cxd4 5. cxd4 Nc6 6. Nf3 Qb6 7. a3 f6 8. b4 fxe5 9. dxe5 a6 10. Nc3 Bd7 11. Bb2 Nge7 12. Bd3 Qc7 13. Na4 Ng6 14. Bxg6+ hxg6 15. Qc2 Kd8 16. Rc1 Rc8 17. Ng5 Nxe5 18. Qxc7+ Rxc7 19. Rxc7 Nd3+ 20. Ke2 Kxc7 21. Kxd3 Be7 22. Be5+ Kc6 23. Nf3 b5 24. Rc1+ Kb7 25. Rc7+ Kb8 26. Rxd7+ Kc8 27. Nb6# 1-0

[Event "RSA-ch U16 Girls"]
[Site "Bloemfontein"]
[Date "2016.03.24"]
[Round "8"]
[White "Gardiner, Nina"]
[Black "Joubert, Dantelle"]
[Result "1-0"]
[WhiteElo "1515"]
[BlackElo "1387"]
[PlyCount "123"]
[EventDate "2016.03.20"]
[EventType "swiss"]
[EventRounds "11"]
[EventCountry "RSA"]
[SourceTitle "CBM 171 Extra"]
[Source "ChessBase"]
[SourceDate "2016.04.26"]
[SourceVersion "1"]
[SourceVersionDate "2016.04.26"]
[SourceQuality "1"]

1. e4 e5 2. Nf3 Nc6 3. Bc4 Bc5 4. c3 Nf6 5. d3 h6 6. 0-0 d6 7. Nbd2 0-0 8. h3 Nh7 9. b4 Bb6 10. a4 a6 11. a5 Ba7 12. Re1 Kh8 13. Nf1 Qf6 14. Be3 Ne7 15. Ng3 Ng6 16. Bxa7 Rxa7 17. Nh5 Qe7 18. Re3 Nf4 19. Nxf4 exf4 20. Re1 Qf6 21. e5 dxe5 22. Rxe5 Ng5 23. Nxg5 Qxe5 24. Nxf7+ Rxf7 25. Bxf7 Qxc3 26. Qe1 Qxe1+ 27. Rxe1 Bf5 28. Re8+ Kh7 29. d4 b5 30. Re7 Bg6 31. Bxg6+ Kxg6 32. d5 Kf6 33. d6 Ra8 34. Rxc7 Rd8 35. d7 Ke7 36. Ra7 Rxd7 37. Rxa6 Rd1+ 38. Kh2 Rb1 39. Rb6 Rxb4 40. a6 Ra4 41. Rb7+ Kf6 42. a7 g5 43. h4 gxh4 44. Kh3 b4 45. Rxb4 Rxa7 46. Rxf4+ Kg5 47. Rxh4 Ra3+ 48. g3 h5 49. Rd4 Ra5 50. f4+ Kf6 51. Rd6+ Kg7 52. Kh4 Rb5 53. Re6 Rc5 54. Re5 Rxe5 55. fxe5 Kg6 56. e6 Kf6 57. Kxh5 Kxe6 58. g4 Kf7 59. Kh6 Kg8 60. g5 Kh8 61. g6 Kg8 62. g7 1-0

[Event "RSA-ch U16 Girls"]
[Site "Bloemfontein"]
[Date "2016.03.20"]
[Round "1"]
[White "Gardiner, Nina"]
[Black "Ndaba, Sharon"]
[Result "1-0"]
[WhiteElo "1515"]
[BlackElo "1188"]
[PlyCount "47"]
[EventDate "2016.03.20"]
[EventType "swiss"]
[EventRounds "11"]
[EventCountry "RSA"]
[SourceTitle "CBM 171 Extra"]
[Source "ChessBase"]
[SourceDate "2016.04.26"]
[SourceVersion "1"]
[SourceVersionDate "2016.04.26"]
[SourceQuality "1"]

1. e4 e5 2. Nf3 d6 3. Bc4 Bg4 4. d3 Nf6 5. Be3 Be7 6. c3 d5 7. exd5 Nxd5 8. Qa4+ Bd7 9. Qb3 Bc6 10. Nxe5 0-0 11. 0-0 Bf6 12. Nxc6 bxc6 13. Qb7 Nd7 14. Qxc6 Nxe3 15. fxe3 Ne5 16. Qa4 Nxd3 17. Qc2 Ne5 18. Nd2 Ng4 19. Rf3 Qd6 20. Rh3 h6 21. Ne4 Qb6 22. Rf1 Nxe3 23. Nxf6+ gxf6 24. Qg6+ 1-0

[Event "Johannesburg Africa op (Women)"]
[Site "Johannesburg"]
[Date "2015.08.08"]
[Round "2"]
[White "Surujhlal, Kayla"]
[Black "Gardiner, Nina"]
[Result "1-0"]
[WhiteElo "1165"]
[BlackElo "1577"]
[PlyCount "91"]
[EventDate "2015.08.07"]
[EventType "swiss"]
[EventRounds "7"]
[EventCountry "RSA"]
[SourceTitle "EXT 2016"]
[Source "ChessBase"]
[SourceDate "2015.10.08"]
[SourceVersion "1"]
[SourceVersionDate "2015.10.08"]
[SourceQuality "1"]

1. e4 e5 2. Nf3 Nc6 3. d4 exd4 4. Nxd4 Nf6 5. Nc3 Bb4 6. Nxc6 bxc6 7. Bd3 d5 8. exd5 cxd5 9. 0-0 0-0 10. Bg5 c6 11. Qf3 h6 12. Bxf6 Qxf6 13. Qxf6 gxf6 14. f4 Rb8 15. Kh1 Re8 16. Rf3 Kh8 17. Raf1 Bg4 18. Rg3 Bxc3 19. bxc3 Be2 20. Ra1 Bxd3 21. cxd3 Rb2 22. h3 Ree2 23. a3 Rb3 24. d4 Re4 25. Rf3 Kg8 26. a4 Kf8 27. a5 Re2 28. Rc1 Rbb2 29. Rg1 Ra2 30. f5 Rxa5 31. Rb1 Rb5 32. Ra1 a5 33. Ra3 Re1+ 34. Kh2 h5 35. Rf4 Rc1 36. Rh4 Kg7 37. Rxh5 Rf1 38. c4 dxc4 39. Rg3+ Kf8 40. Re3 Kg7 41. Rg3+ Kf8 42. Re3 Rfxf5 43. Rh8+ Kg7 44. Ree8 Rb8 45. Rxb8 Kg6 46. Rbg8# 1-0

[Event "RSA-ch U16 Girls"]
[Site "Waterkloof"]
[Date "2015.04.08"]
[Round "7"]
[White "De Kock, Lene"]
[Black "Gardiner, Nina"]
[Result "0-1"]
[WhiteElo "1197"]
[BlackElo "1597"]
[PlyCount "56"]
[EventDate "2015.04.04"]
[EventType "swiss"]
[EventRounds "9"]
[EventCountry "RSA"]
[SourceTitle "CBM 166 Extra"]
[Source "ChessBase"]
[SourceDate "2015.06.18"]
[SourceVersion "1"]
[SourceVersionDate "2015.06.18"]
[SourceQuality "1"]

1. e4 e5 2. Nf3 Nc6 3. Bb5 a6 4. Ba4 Nf6 5. 0-0 b5 6. Bb3 Be7 7. Re1 0-0 8. c3 d5 9. exd5 Nxd5 10. Nxe5 Nxe5 11. Rxe5 c6 12. d3 Bd6 13. Re1 Qh4 14. g3 Qh3 15. Re4 Bd7 16. Nd2 Rae8 17. Rh4 Qf5 18. Bc2 Qg6 19. d4 Bf5 20. Bxf5 Qxf5 21. Rh5 Re1+ 22. Qxe1 Qxh5 23. Ne4 Re8 24. b3 Qf3 25. Bg5 Rxe4 26. Qd2 Re2 27. Qd1 Qxf2+ 28. Kh1 Qg2# 0-1

[Event "RSA-ch U16 Girls"]
[Site "Waterkloof"]
[Date "2015.04.04"]
[Round "2"]
[White "Gardiner, Nina"]
[Black "De Koster, Arenda"]
[Result "1-0"]
[WhiteElo "1597"]
[BlackElo "1192"]
[PlyCount "89"]
[EventDate "2015.04.04"]
[EventType "swiss"]
[EventRounds "9"]
[EventCountry "RSA"]
[SourceTitle "CBM 166 Extra"]
[Source "ChessBase"]
[SourceDate "2015.06.18"]
[SourceVersion "1"]
[SourceVersionDate "2015.06.18"]
[SourceQuality "1"]

1. e4 e5 2. Nf3 Nc6 3. Bc4 Bc5 4. c3 Nf6 5. d3 d6 6. 0-0 Bg4 7. Nbd2 Qd7 8. Re1 0-0 9. Nf1 d5 10. exd5 Nxd5 11. h3 Bh5 12. Ng3 Bxf3 13. Qxf3 Nf6 14. Nf5 Rfe8 15. Nh6+ Kf8 16. Nxf7 Re7 17. Ng5 Ke8 18. b4 Bb6 19. Ba3 Qd6 20. Rad1 a5 21. Ne4 Nxe4 22. dxe4 Qg6 23. b5 Na7 24. Bxe7 Kxe7 25. Qd3 Kf8 26. Qd7 Qf6 27. Rf1 Re8 28. Rd3 Re7 29. Qd8+ Re8 30. Qxf6+ gxf6 31. Rg3 c6 32. Rg8+ Ke7 33. Rxe8+ Kxe8 34. bxc6 Nxc6 35. Bb5 Kd7 36. Rd1+ Kc7 37. Bxc6 Kxc6 38. Kf1 Bc5 39. Rd8 b6 40. Rh8 Kb5 41. Ke2 Kc4 42. Kd2 Bxf2 43. Rxh7 b5 44. Rf7 Bh4 45. Rc7# 1-0

[Event "Wch U14 Girls"]
[Site "Durban"]
[Date "2014.09.28"]
[Round "10"]
[White "Kulkarni, Soumya"]
[Black "Gardiner, Nina"]
[Result "1-0"]
[WhiteElo "1622"]
[BlackElo "1663"]
[PlyCount "55"]
[EventDate "2014.09.20"]
[EventType "swiss"]
[EventRounds "11"]
[EventCountry "RSA"]
[SourceTitle "CBM 162 Extra"]
[Source "ChessBase"]
[SourceDate "2014.10.17"]
[SourceVersion "1"]
[SourceVersionDate "2014.10.17"]
[SourceQuality "1"]

1. d4 d5 2. Nf3 Nf6 3. e3 e6 4. Bd3 c5 5. b3 Nc6 6. Bb2 Be7 7. Nbd2 0-0 8. Ne5 h6 9. 0-0 Bd6 10. f4 Qc7 11. Nxc6 bxc6 12. dxc5 Bxc5 13. Bxf6 Bxe3+ 14. Kh1 gxf6 15. Qg4+ Kh8 16. Qh4 f5 17. Qxh6+ Kg8 18. Rf3 Bxf4 19. Rxf4 f6 20. Rf3 Rf7 21. Rh3 Rh7 22. Qg6+ Kh8 23. Qe8+ Kg7 24. Rxh7+ Kxh7 25. Qh5+ Kg7 26. Rf1 Bb7 27. Rf3 Rf8 28. Rg3+ 1-0